000 00284nam a22001217a 4500
008 170525b xxu||||| |||| 00| 0 eng d
041 _aeng
080 _a004.4
100 _a26
101 _aim
245 _aKLEINES LEXIKON DER INDUSTRIEROBOTERTECHNIK
_cHESSE.S
942 _2udc
_cBK
999 _c14265
_d14265